Ambiente, energía y sociedad
Kaydedildi:
| Yazar: | |
|---|---|
| Materyal Türü: | Kitap |
| Dil: | İspanyolca |
| Baskı/Yayın Bilgisi: |
Barcelona
Blume
1980
|
| Seri Bilgileri: | Blume ecología, 10
|
| Konular: | |
| Etiketler: |
Etiketle
Etiket eklenmemiş, İlk siz ekleyin!
|
MARC
| LEADER | 00000nam a2200000 a 4500 | ||
|---|---|---|---|
| 001 | UCW0519 | ||
| 003 | CL-VaPUC | ||
| 008 | 911002e19800000SP |||||||||||||||||spa|d | ||
| 082 | 0 | 4 | |a 304.2 |b ODU |2 21 |
| 100 | |a Odum, Howard T. |e autor |9 300434 | ||
| 245 | 1 | 0 | |a Ambiente, energía y sociedad |
| 300 | |a 409 p | ||
| 942 | |c BK | ||
| 945 | |d 19911002 00:00:00 | ||
| 260 | |a Barcelona |b Blume |c 1980 | ||
| 650 | 0 | |a Ecología humana |9 263207 | |
| 650 | 0 | |a Energía |9 259431 | |
| 583 | |a last modification |c 19911002 00:00:00 |k Rodrigo Vera | ||
| 490 | 0 | |a Blume ecología, 10 | |
| 999 | |c 215657 |d 215655 | ||
| 952 | |0 0 |1 0 |4 0 |6 304_200000000000000_ODU_1980 |7 0 |8 A |9 200288 |a BIBCUR |b BIBCUR |d 2019-11-14 |i 3194116 |l 2 |o 304.2 ODU 1980 |p 3194116 |r 2025-04-22 |s 2022-05-23 |w 2019-11-14 |y BK |k BCB | ||
| 952 | |0 0 |1 0 |4 0 |6 304_200000000000000_ODU_1980 |7 0 |8 A |9 200289 |a BIBING |b BIBING |d 2019-11-14 |i 1650823 |o 304.2 ODU 1980 |p 1650823 |r 2025-01-20 |w 2019-11-14 |y BK |k GEO | ||